『時々ボソッとロシア語でデレる隣のアーリャさん』の第1期エンディング曲 - Statistics

General Stats
  • This quiz has been taken 18 times
  • The average score is 6 of 12
Answer Stats
カバー元 曲名 % Correct
第1話 フィンガー5 学園天国
100%
第2話 HoneyWorks feat.ちゅーたん〈早見沙織〉 可愛くてごめん
86%
第5話 MONGOL800 小さな恋のうた
86%
第4話 平野綾、茅原実里、後藤邑子 ハレ晴レユカイ
71%
第7話 小田和正 ラブ・ストーリーは突然に
64%
第8話 YUI CHE.R.RY
64%
第3話 H₂O 想い出がいっぱい
57%
第11話 いきものがかり 気まぐれロマンティック
57%
第9話 supercell feat.初音ミク ワールドイズマイン
29%
第6話 花譜×ズーカラデル 秘密の言葉
0%
第10話 GO!GO!7188 こいのうた
0%
第12話 オリジナル曲 ハナモヨイ
0%
No matching quizzes found
Score Distribution
Percent of People with Each Score
Percentile by Number Answered
Your Score History
You have not taken this quiz